000 00723cam a22002413a 4500
001 9948
003 PGUSA
005 20140828083218.0
008 060201s2006||||xxu|||||s|||||000 1 eng d
040 _aPGUSA
_beng
042 _adc
050 4 _aPZ
100 1 _aWarren, George A.
245 1 4 _aThe Banner Boy Scouts Afloat :
_bOr, The Secret of Cedar Island
_h[electronic resource] /
_cGeorge A. Warren
260 _bProject Gutenberg,
_c2006
506 _aPublic domain in the USA.
516 _aElectronic text
653 _aBoy Scouts -- Juvenile fiction
653 _aBoats and boating -- Juvenile fiction
830 0 _aProject Gutenberg
_v9948
856 4 0 _uhttp://www.gutenberg.org/ebooks/9948
942 _cEB
999 _c239204
_d239204